000 00758cam a22002533a 4500
001 12057
003 PGUSA
005 20140828083244.0
008 040401s2004||||xxu|||||s|||||000 1 eng d
040 _aPGUSA
_beng
042 _adc
050 4 _aPS
100 1 _aMajor, Charles,
_d1856-1913
245 1 0 _aYolanda :
_bMaid of Burgundy
_h[electronic resource] /
_cCharles Major
260 _bProject Gutenberg,
_c2004
506 _aPublic domain in the USA.
516 _aElectronic text
653 _aBurgundy (France) -- History -- Fiction
653 _aMarie, Duchess of Burgundy, 1457-1482 -- Fiction
700 1 _aWeber-Ditzler, Charlotte
830 0 _aProject Gutenberg
_v12057
856 4 0 _uhttp://www.gutenberg.org/ebooks/12057
942 _cEB
999 _c241312
_d241312